000
00258pam a2200121 a 4500
020
_c
041
_a
eng
100
_a
Weke John.
245
_a
Human Understanding
_h
Textual Documents
260
_a
[s.l]:
_b
George Routedge
300
_a
624p.
930
_a
15288
999
_c
92188
_d
92188